000 00218nam a2200097Ia 4500
008 210430s9999 xx 000 0 und d
082 _a660.28425 D4411O
245 _aTray Design
300 _a166p.
942 _cBK
_2ddc
999 _c565929
_d565929